000 00622nam a22002177a 4500
999 _c7518
_d7518
003 OSt
005 20211122175857.0
008 211122b ||||| |||| 00| 0 eng d
020 _a9780077154509,0077154509
040 _cDDC
082 _a330 BAY 2013
100 _aBaye, Michael R.: Prince, Jeffrey T.
_915385
245 _aManagerial Economics and Business Strategy
250 _a8th ed.
260 _aBoston:
_bMc Graw Hill;
_c2013
300 _axxxiii,636p.:
_bill;
_c24cm.
504 _aIncludes Index.
650 _a Strategic planning.
_912224
650 _a Managerial economics.
_914281
942 _2ddc
_cBOOK